[Event "N4-R3- FOIX / TARBES"]
[Site "?"]
[Date "2004.12.05"]
[Round "3"]
[White "Mauge, Christian"]
[Black "Langlois, Jérôme"]
[Result "0-1"]
[WhiteElo "1720"]
[BlackElo "1910"]
[EventDate "2004.??.??"]
[PlyCount "106"]

1.b4 d5 2.Bb2 Bf5 3.Nf3 e6 4.a3 Nf6 5.Nh4 Bg4 6.d3 Nbd7 7.g3 c5 8.c3 Be7 
9.Bg2 O-O 10.Bf3 Qb6 11.Bxg4 Nxg4 12.e3 Ngf6 13.Nd2 a5 14.Qb3 axb4 15.axb4
cxb4 16.cxb4 Bxb4 17.Ke2 Bxd2 18.Qxb6 Nxb6 19.Bxf6 gxf6 20.Kxd2 Nd7 21.Nf3
Nc5 22.Nd4 Rxa1 23.Rxa1 e5 24.Rc1 b6 25.Rxc5 bxc5 26.Nf5 Rd8 27.Kc3 Kf8 
28.d4 Rc8 29.Kd3 c4+ 30.Kc3 Rb8 31.f4 Rb3+ 32.Kc2 exd4 33.exd4 Ke8 34.Ng7+
Kd7 35.Nf5 Rf3 36.h4 Rd3 37.Kb2 Rd1 38.Kc2 Re1 39.Kd2 Re4 40.Kc3 Kc6 41.
Kb4 Kb6 42.Kc3 Ka5 43.h5 Ka4 44.h6 Ka3 45.Nd6 Re3+ 46.Kd2 Rxg3 47.Nxf7 Kb3
48.Nd6 c3+ 49.Ke2 c2 50.Nf5 Rh3 51.Ne3 c1=Q 52.Nf1 Qc2+ 53.Nd2+ Kc3 0-1

[Event "N4-R3- FOIX / TARBES"]
[Site "?"]
[Date "2004.12.05"]
[Round "3"]
[White "Masot, Liberto"]
[Black "Lacomme, Christophe"]
[Result "1-0"]
[WhiteElo "1760"]
[BlackElo "2010"]
[EventDate "2004.??.??"]
[PlyCount "83"]

1.d4 Nf6 2.Nf3 d5 3.e3 Bf5 4.Bd3 Bg6 5.Nbd2 e6 6.Ne5 Nbd7 7.f4 Be7 8.O-O 
a6 9.Qe2 c5 10.c3 Qc7 11.Nxd7 Nxd7 12.f5 exf5 13.Bxf5 Bxf5 14.Rxf5 Nf6 15.
e4 Qd7 16.Rf4 dxe4 17.Nxe4 O-O-O 18.Be3 Rhe8 19.dxc5 Qd3 20.Qxd3 Rxd3 21.
Bd4 Rd8 22.Re1 Nxe4 23.Rfxe4 Bf8 24.Kf2 Rd2+ 25.R4e2 Rxe2+ 26.Rxe2 f6 27.
Re6 Kc7 28.b4 Rd5 29.Re8 Rd8 30.Re6 Rd7 31.Kf3 Be7 32.a4 Bf8 33.Re8 Be7 
34.Rg8 Bd8 35.b5 axb5 36.axb5 b6 37.c6 Re7 38.c4 Rf7 39.Bxb6+ Kxb6 40.Rxd8
Re7 41.Rd7 Re5 42.Rb7+ 1-0

[Event "N4-R3- FOIX / TARBES"]
[Site "?"]
[Date "2004.12.05"]
[Round "3"]
[White "Martinez, Benito"]
[Black "Carinola, Raphael"]
[Result "0-1"]
[WhiteElo "1820"]
[BlackElo "1570"]
[EventDate "2004.??.??"]
[PlyCount "118"]

1.e4 c5 2.Nc3 e6 3.Nf3 Nc6 4.d4 cxd4 5.Nxd4 Nf6 6.Bf4 d6 7.Nxc6 bxc6 8.e5 
Nd5 9.Nxd5 cxd5 10.Bb5+ Bd7 11.Bxd7+ Qxd7 12.Qg4 dxe5 13.Bxe5 f6 14.Bc3 e5
15.Qxd7+ Kxd7 16.b3 Rc8 17.Kd2 d4 18.Ba5 Bd6 19.f3 Bc7 20.Bxc7 Rxc7 21.a3 
Rhc8 22.Ra2 Rc3 23.Re1 Kd6 24.b4 Kd5 25.a4 f5 26.Rb1 e4 27.fxe4+ fxe4 28.
a5 e3+ 29.Kd1 Rf8 30.Ke1 Rf2 31.b5 Rxg2 32.Kf1 Rxh2 33.Kg1 Rcxc2 34.Rxc2 
Rxc2 35.b6 axb6 36.axb6 Rc8 37.Kg2 Rb8 38.b7 d3 39.Kf3 Kd4 40.Rb6 e2 41.
Kf2 h5 42.Ke1 g5 43.Kd2 h4 44.Rd6+ Ke5 45.Rxd3 Rxb7 46.Kxe2 Rb2+ 47.Kf3 
Kf5 48.Rd5+ Kg6 49.Rd8 Rb3+ 50.Kf2 Kf5 51.Rd5+ Kg4 52.Rd4+ Kh3 53.Rd1 Rb2+
54.Kg1 Kg3 55.Rf1 h3 56.Ra1 g4 57.Rf1 Kh4 58.Ra1 h2+ 59.Kh1 Kh3 0-1

[Event "N4-R3- FOIX / TARBES"]
[Site "?"]
[Date "2004.12.05"]
[Round "3"]
[White "Lanllier, Bruno"]
[Black "Lemoine, Benoit"]
[Result "1-0"]
[WhiteElo "1940"]
[BlackElo "2156"]
[EventDate "2004.??.??"]
[PlyCount "76"]

1.d4 Nf6 2.c4 g6 3.Nc3 d5 4.cxd5 Nxd5 5.e4 Nxc3 6.bxc3 c5 7.Bc4 Bg7 8.Ne2 
O-O 9.Be3 Nc6 10.Rc1 cxd4 11.cxd4 Qa5+ 12.Kf1 Bd7 13.h4 h5 14.Nf4 Kh7 15.
e5 Bg4 16.f3 Bf5 17.g4 Qa3 18.Bb3 hxg4 19.fxg4 Be4 20.Rh2 Rad8 21.h5 g5 
22.Nh3 f6 23.Nf2 fxe5 24.Kg1 Nxd4 25.Nxe4 Nf3+ 26.Qxf3 Rxf3 27.Nxg5+ Kh8 
28.Nxf3 e4 29.Ng5 Bd4 30.Bxd4+ Rxd4 31.Rc8+ Kg7 32.Ne6+ Kf6 33.Nxd4 Qb4 
34.Nc2 Qd6 35.Rf8+ Kg7 36.Rf7+ Kh6 37.g5+ Kxg5 38.Rg2+ Kh6 1-0

[Event "N4-R3- AUCH / COLOMIERS"]
[Site "?"]
[Date "2004.12.05"]
[Round "?"]
[White "Le Gallen, Luc"]
[Black "Hantisse, Alain"]
[Result "1-0"]
[WhiteElo "2100"]
[BlackElo "1940"]
[EventDate "2004.??.??"]
[PlyCount "87"]

1.d4 Nf6 2.Nf3 g6 3.c4 Bg7 4.Nc3 d6 5.Bg5 O-O 6.e3 Nc6 7.Be2 Re8 8.h3 e5 
9.dxe5 Nxe5 10.Nxe5 Rxe5 11.Bf4 Re7 12.O-O Be6 13.Rc1 a6 14.b3 Ne8 15.Qd2 
Rd7 16.e4 Qe7 17.Rfe1 Rad8 18.Nd5 Bxd5 19.exd5 Qf8 20.Bf3 Re7 21.Rxe7 Qxe7
22.Re1 Qf8 23.Qb4 b6 24.Qa4 a5 25.Qc6 Rc8 26.Re2 h6 27.Bg4 f5 28.Bf3 Qf7 
29.Re6 Bf8 30.Be3 Ng7 31.Bxb6 Nxe6 32.dxe6 Qe7 33.Bxa5 Kh7 34.Qd7 Rd8 35.
Qxc7 Qxc7 36.Bxc7 Rc8 37.Bb6 Be7 38.Bd4 Kg8 39.a4 Rb8 40.a5 Rxb3 41.a6 d5 
42.Bxd5 Bd6 43.e7+ Kh7 44.g3 1-0

[Event "N4-R3- AUCH / COLOMIERS"]
[Site "?"]
[Date "2004.12.05"]
[Round "?"]
[White "Golic, Nadil"]
[Black "Blesing, René"]
[Result "1-0"]
[WhiteElo "1910"]
[BlackElo "1750"]
[EventDate "2004.??.??"]
[PlyCount "127"]

1.d4 Nf6 2.c4 g6 3.Nc3 Bg7 4.e4 d6 5.Be2 Nc6 6.Be3 O-O 7.Qd2 e5 8.d5 Nd4 
9.f3 Re8 10.Bd3 c6 11.Nge2 c5 12.O-O a6 13.Bg5 Qc7 14.Nxd4 exd4 15.Ne2 Bd7
16.Ng3 b5 17.b3 Rab8 18.Qf4 Nh5 19.Nxh5 gxh5 20.Bf6 Bxf6 21.Qxf6 bxc4 22.
bxc4 Rb2 23.Qh6 f5 24.Qxh5 Ba4 25.Qxf5 Qg7 26.Rf2 Rxf2 27.Kxf2 Bd7 28.Qf4 
Qg6 29.Rb1 Rf8 30.Qg3 Kf7 31.Qxg6+ hxg6 32.Rb6 Ke7 33.Ke2 g5 34.h3 a5 35.
Bc2 a4 36.a3 Ra8 37.Kf2 Bc8 38.Bd3 Bd7 39.Kg3 Rg8 40.Bf1 Rd8 41.Bd3 Rg8 
42.Bc2 Rf8 43.Rb7 Ra8 44.h4 gxh4+ 45.Kxh4 Kd8 46.g4 Kc8 47.Rb1 Kc7 48.Kg3 
Rg8 49.Bd3 Bc8 50.Rh1 Bd7 51.Rb1 Bc8 52.Be2 Bd7 53.f4 d3 54.Bf3 Bc8 55.Rd1
Ba6 56.Rxd3 Bxc4 57.Rc3 Bb3 58.e5 c4 59.e6 Kd8 60.g5 Ke7 61.Kg4 Rh8 62.f5 
Rh2 63.f6+ Kf8 64.g6 1-0

[Event "N4-R3- AUCH / COLOMIERS"]
[Site "?"]
[Date "2004.12.05"]
[Round "?"]
[White "Alladaye, René"]
[Black "mesples, Jean-Marc"]
[Result "0-1"]
[WhiteElo "1780"]
[BlackElo "2050"]
[EventDate "2004.??.??"]
[PlyCount "82"]

1.Nf3 d5 2.g3 Nf6 3.Bg2 c5 4.d3 Nc6 5.Nbd2 Bg4 6.h3 Bh5 7.O-O e6 8.e4 Be7 
9.c3 O-O 10.Re1 Qc7 11.Qc2 Rad8 12.e5 Nd7 13.d4 Bg6 14.Qa4 cxd4 15.Nxd4 
Ndxe5 16.Nxc6 Nxc6 17.Nf3 Bc5 18.Bf4 Qb6 19.Re2 a6 20.b4 Bd6 21.Be3 Qc7 
22.Qd1 Be4 23.Nh4 Bxg2 24.Kxg2 Ne5 25.Bd4 Nc4 26.f4 e5 27.fxe5 Bxe5 28.
Bxe5 Nxe5 29.Qd4 Nc6 30.Qg4 Qd7 31.Nf5 g6 32.Qg5 Qxf5 33.Qh6 Rde8 34.Rf2 
Qe4+ 35.Kh2 Qe3 36.Qxe3 Rxe3 37.b5 Ne5 38.bxa6 bxa6 39.Kg2 Rxc3 40.Rd1 Rd8
41.Rfd2 Nc4 0-1

[Event "N4 R3 - Lardenne / Loures-Barousse"]
[Site "?"]
[Date "2004.12.05"]
[Round "3"]
[White "Surre, Frédéric"]
[Black "Oriot, Patrice"]
[Result "1/2-1/2"]
[WhiteElo "1840"]
[BlackElo "2090"]
[EventDate "2004.??.??"]
[PlyCount "116"]

1.e4 c5 2.Nf3 Nc6 3.d4 cxd4 4.Nxd4 e5 5.Nb5 a6 6.Nd6+ Bxd6 7.Qxd6 Qf6 8.
Qxf6 Nxf6 9.f3 h6 10.Bd2 d5 11.exd5 Nxd5 12.Nc3 Ndb4 13.O-O-O Nd4 14.Na4 
Nbc6 15.Nb6 Rb8 16.Nxc8 Rxc8 17.c3 Ne6 18.Bc4 Ke7 19.Be3 b5 20.Bd5 Na5 21.
Rhe1 f5 22.Bb6 Nc6 23.a3 Kf6 24.Bb3 Rhe8 25.Rd6 a5 26.Bd5 Nd8 27.Bxe6 Nxe6
28.Bxa5 g6 29.Re2 f4 30.Rd5 Rc5 31.Rexe5 Rec8 32.Bb4 Rxd5 33.Rxd5 Rb8 34.
Rd7 g5 35.Be7+ Kg6 36.Bd6 Rb6 37.Bb4 Ng7 38.Rd6+ Rxd6 39.Bxd6 Nf5 40.Bc7 
Nh4 41.g3 fxg3 42.hxg3 Nxf3 43.Kd1 Kf5 44.Ke2 Ke4 45.b3 g4 46.a4 bxa4 47.
bxa4 Kd5 48.a5 Kc6 49.Bf4 h5 50.Be3 Kb5 51.Bb6 h4 52.gxh4 Nxh4 53.c4+ Kc6 
54.c5 Kb7 55.Kf2 Ng6 56.Kg3 Ne5 57.Kf4 Nd7 58.Kxg4 Nxc5 1/2-1/2

[Event "N4 - Montauban / Albi"]
[Site "ALBI"]
[Date "2004.12.05"]
[Round "3"]
[White "Schegerin, André"]
[Black "Lecoultre, Patrick"]
[Result "0-1"]
[WhiteElo "1880"]
[BlackElo "1720"]
[EventDate "2004.??.??"]
[PlyCount "114"]

1.f4 d6 2.Nf3 g6 3.e3 Bg7 4.Bc4 Nf6 5.O-O Bg4 6.h3 Bxf3 7.Qxf3 d5 8.Bb3 e6
9.c4 c6 10.cxd5 cxd5 11.d4 Nc6 12.Nc3 O-O 13.g4 Na5 14.Bd1 Nc4 15.g5 Ne8 
16.b3 Ncd6 17.Qg2 Rc8 18.Qb2 Nf5 19.Na4 b5 20.Nc3 Nxd4 21.Bd2 Nf5 22.Rc1 
b4 23.e4 Ng3 24.Rf3 bxc3 25.Bxc3 Bxc3 26.Rfxc3 Rxc3 27.Qxc3 Nxe4 28.Qe1 
Qb6+ 29.Kg2 N8d6 30.Bf3 Qa6 31.Rc2 Qd3 32.Re2 Rc8 33.Bxe4 Nxe4 34.Re3 Rc2+
35.Kf3 Qd2 36.Qxd2 Rxd2 37.a3 Rc2 38.Kg4 Kf8 39.b4 Ke7 40.a4 Rc4 41.Rb3 
Kd6 42.a5 d4 43.b5 Nc5 44.Rb1 a6 45.bxa6 Nxa6 46.Rb6+ Rc6 47.Rb7 Rc7 48.
Rb6+ Rc6 49.Rb7 Nc7 50.Kf3 Ra6 51.Ke4 Rxa5 52.Kxd4 Ra3 53.Rb6+ Kd7 54.h4 
Rh3 55.Ke5 Rxh4 56.Rd6+ Ke7 57.Rb6 Rxf4 0-1

[Event "N4 - Montauban / Albi"]
[Site "ALBI"]
[Date "2004.12.05"]
[Round "3"]
[White "Ravon, Michel"]
[Black "Serres, Olivier"]
[Result "0-1"]
[WhiteElo "1600"]
[BlackElo "1730"]
[EventDate "2004.??.??"]
[PlyCount "146"]

1.Nf3 d5 2.d4 e6 3.e3 c5 4.b3 Nc6 5.Bb2 Nf6 6.Be2 Bd6 7.O-O cxd4 8.exd4 
O-O 9.c4 b6 10.cxd5 Nxd5 11.Nc3 Ndb4 12.Ne4 Bc7 13.a3 Nd5 14.Bb5 Bb7 15.
Rc1 Nce7 16.Ne5 Nf4 17.Nc6 Nxc6 18.Bxc6 Bxc6 19.Rxc6 Rc8 20.Qf3 Nd5 21.
Rfc1 Qd7 22.g3 Bb8 23.R6c4 f5 24.Ng5 b5 25.Rxc8 Rxc8 26.Rxc8+ Qxc8 27.Qe2 
Nc7 28.Qe5 Qd7 29.d5 exd5 30.Ne6 Nxe6 31.Qxb8+ Nf8 32.Qe5 Ng6 33.Qd4 f4 
34.a4 bxa4 35.bxa4 fxg3 36.hxg3 Nf8 37.Qe5 Ne6 38.g4 d4 39.f4 d3 40.Bc3 
Nf8 41.Qf5 Qxf5 42.gxf5 Nd7 43.Kf2 Kf7 44.Ke3 h5 45.Bd4 a6 46.Kxd3 g6 47.
fxg6+ Kxg6 48.Ke2 Kf5 49.Kf3 Nb8 50.Kg3 Nc6 51.Be3 Ne7 52.a5 Kg6 53.Bd2 
Nf5+ 54.Kh3 Kf6 55.Kg2 Ke6 56.Kf3 Kd5 57.Be1 Nd4+ 58.Kg3 Ke4 59.Bf2 Nf5+ 
60.Kh3 Kxf4 61.Bc5 Ke4 62.Bb6 Kd5 63.Bd8 Kc5 64.Kg2 Kb5 65.Kf2 Nd4 66.Kg3 
Nc6 67.Bf6 Kxa5 68.Kh4 Kb4 69.Kxh5 a5 70.Bg7 a4 71.Kg4 Kb3 72.Kf3 a3 73.
Ke3 Kc2 0-1

[Event "N4 - Montauban / Albi"]
[Site "ALBI"]
[Date "2004.12.05"]
[Round "3"]
[White "Fabre, Philippe"]
[Black "Nougayrede, Jean Louis"]
[Result "0-1"]
[WhiteElo "1770"]
[BlackElo "1670"]
[EventDate "2004.??.??"]
[PlyCount "104"]

1.e4 c5 2.Nf3 d6 3.d4 g6 4.dxc5 Qa5+ 5.Nc3 Qxc5 6.Be3 Qa5 7.Qd2 Nc6 8.Bc4 
h6 9.O-O Bg7 10.Bd3 Bd7 11.Ne1 Nf6 12.h3 O-O 13.Bxh6 Qh5 14.Bxg7 Kxg7 15.
Qe3 Rh8 16.Be2 Qa5 17.f4 e6 18.Nd3 Ne7 19.g4 Bc6 20.Nf2 Rad8 21.g5 Nh5 22.
Ng4 d5 23.exd5 Nxd5 24.Qe5+ Kg8 25.Nh6+ Rxh6 26.gxh6 Qc5+ 27.Kh2 Qe3 28.
Qg5 Nxc3 29.Qxd8+ Kh7 30.Qd3 Qxe2+ 31.Qxe2 Nxe2 32.Rae1 Nhxf4 33.Rf2 Bb5 
34.b3 Kxh6 35.c4 Bc6 36.Rexe2 Nxe2 37.Rxe2 g5 38.Kg3 Kg6 39.b4 a6 40.a3 
Kf5 41.Rf2+ Kg6 42.h4 gxh4+ 43.Kxh4 f5 44.Rd2 Kf6 45.Kg3 Kg5 46.Rd6 f4+ 
47.Kf2 Kf5 48.c5 e5 49.Ke2 e4 50.Kf2 e3+ 51.Ke2 Bb5+ 52.Ke1 f3 0-1

[Event "N4 - Montauban / Albi"]
[Site "ALBI"]
[Date "2004.12.05"]
[Round "3"]
[White "Eb-Levadoux, Yvan"]
[Black "Le Ligeour, Yann"]
[Result "1-0"]
[WhiteElo "1740"]
[BlackElo "1550"]
[EventDate "2004.??.??"]
[PlyCount "44"]

1.e4 c5 2.Nf3 d6 3.c3 Nf6 4.Be2 Nc6 5.d4 cxd4 6.cxd4 g6 7.O-O Bg7 8.Nc3 
O-O 9.h3 a6 10.a4 Qc7 11.Bg5 b6 12.Rc1 Qb7 13.Qd2 Rd8 14.Bc4 Na5 15.Bd5 
Nxd5 16.Nxd5 f6 17.Rc7 Qb8 18.Bh6 Rd7 19.Rfc1 Rxc7 20.Rxc7 Be6 21.Nxe7+ 
Kh8 22.Bxg7+ Kxg7 1-0

[Event "N4 - Montauban / Albi"]
[Site "ALBI"]
[Date "2004.12.05"]
[Round "3"]
[White "Delpy, Pierre"]
[Black "Lambolez, Alexandre"]
[Result "1-0"]
[WhiteElo "1510"]
[BlackElo "1700"]
[EventDate "2004.??.??"]
[PlyCount "117"]

1.e4 d6 2.d4 Nf6 3.Nc3 g6 4.Nf3 Bg7 5.Be2 b6 6.h3 O-O 7.Be3 Bb7 8.Bd3 Nbd7
9.Qd2 Re8 10.O-O-O c5 11.d5 a6 12.Ne2 b5 13.Ng3 c4 14.Be2 a5 15.Bh6 Bh8 
16.Nd4 Qb6 17.f4 Rec8 18.h4 b4 19.h5 c3 20.Qe3 cxb2+ 21.Kxb2 Rc3 22.Rd3 
Ba6 23.Ngf5 Re8 24.Nc6 Nxd5 25.exd5 Rxc6+ 26.Kb1 Bxd3 27.dxc6 Qxe3 28.Nxe3
Bxe2 29.cxd7 Rd8 30.Nd5 Rxd7 31.Re1 Bxh5 32.Nxe7+ Rxe7 33.Rxe7 f5 34.Rd7 
Bc3 35.Rxd6 Kf7 36.Ra6 Be2 37.Rxa5 Bf1 38.g3 Bc4 39.Ra7+ Ke6 40.Rxh7 Kd5 
41.Bg5 Ke4 42.Ra7 Ke3 43.a4 Ke2 44.a5 Bb5 45.Re7+ Kd1 46.Re6 Ba4 47.Rd6+ 
Bd2 48.a6 Bxc2+ 49.Kb2 Be4 50.a7 Ke2 51.Re6 Bc3+ 52.Kb3 Kf3 53.Rxe4 fxe4 
54.a8=Q Bd2 55.Qd5 Bc3 56.Be7 g5 57.fxg5 Kxg3 58.Qxe4 Kh2 59.Bxb4 1-0

[Event "N4 - Montauban / Albi"]
[Site "ALBI"]
[Date "2004.12.05"]
[Round "3"]
[White "De Jong, Arjen"]
[Black "Lefevre, Gérard"]
[Result "1/2-1/2"]
[WhiteElo "1690"]
[BlackElo "1870"]
[EventDate "2004.??.??"]
[PlyCount "88"]

1.e4 c5 2.Nf3 Nc6 3.d4 cxd4 4.Nxd4 d6 5.Nc3 Nf6 6.Bc4 g6 7.Bb3 Bg7 8.Nxc6 
bxc6 9.O-O O-O 10.h3 Nd7 11.Be3 Qc7 12.Qd2 Bb7 13.Rad1 Rad8 14.Bh6 Nc5 15.
Bc4 Nxe4 16.Nxe4 d5 17.Bxg7 Kxg7 18.Qc3+ e5 19.Bxd5 Rd7 20.Bb3 Rfd8 21.
Rxd7 Rxd7 22.Nc5 Re7 23.Rd1 Bc8 24.Ne4 h6 25.Qf3 f5 26.Nd6 Bd7 27.Qd3 Kf6 
28.Qc4 Be6 29.Qxe6+ Rxe6 30.Bxe6 Kxe6 31.Nc4 e4 32.Rd6+ Kf7 33.Rxc6 Qf4 
34.b3 Qc1+ 35.Kh2 Qe1 36.Ne5+ Ke8 37.Re6+ Kd8 38.f3 e3 39.Nxg6 Qf2 40.Nf4 
h5 41.Nd3 Qxc2 42.Rxe3 Qd2 43.Re6 Qxd3 44.Rh6 Qe3 1/2-1/2

[Event "N4 - Montauban / Albi"]
[Site "ALBI"]
[Date "2004.12.05"]
[Round "3"]
[White "Canivet, Christophe"]
[Black "Purcell, Brendan"]
[Result "1/2-1/2"]
[WhiteElo "1954"]
[BlackElo "1830"]
[EventDate "2004.??.??"]
[PlyCount "92"]

1.e4 c5 2.Nf3 d6 3.d4 cxd4 4.Nxd4 Nf6 5.Nc3 g6 6.Be2 Bg7 7.O-O O-O 8.Be3 
Nc6 9.Nxc6 bxc6 10.Qd2 Be6 11.Bh6 Qa5 12.Bxg7 Kxg7 13.Rfd1 Rab8 14.b3 Qe5 
15.f4 Qc5+ 16.Qd4 Rb4 17.Qxc5 dxc5 18.Bd3 Bg4 19.Re1 Be6 20.a3 Rd4 21.Re3 
Rfd8 22.Ne2 R4d7 23.Rb1 Rb7 24.Nc3 c4 25.bxc4 Rxb1+ 26.Nxb1 Bxc4 27.Nc3 
Bxd3 28.Rxd3 Rxd3 29.cxd3 Nd7 30.Kf2 e5 31.g3 Kf6 32.Ke3 Ke6 33.h3 f5 34.
fxe5 Nxe5 35.Ne2 fxe4 36.Kxe4 c5 37.a4 a5 38.Nc1 Nc6 39.Nb3 Kd6 40.g4 h6 
41.Nd2 Ne5 42.Nc4+ Nxc4 43.dxc4 Ke6 44.h4 h5 45.Kf4 Kf6 46.g5+ Ke6 1/2-1/2

[Event "N4 - Montauban / Albi"]
[Site "ALBI"]
[Date "2004.12.05"]
[Round "2"]
[White "De Baralle, Michel"]
[Black "Arigault, T."]
[Result "1-0"]
[WhiteElo "1550"]
[BlackElo "1270"]
[EventDate "2004.??.??"]
[PlyCount "73"]

1.d4 d5 2.c4 Nf6 3.Nc3 e6 4.Bg5 Bb4 5.e3 O-O 6.Nf3 Nc6 7.a3 Ba5 8.b4 Bb6 
9.c5 Ne4 10.Bxd8 Rxd8 11.Nxe4 dxe4 12.Nd2 f5 13.cxb6 axb6 14.Bc4 Na7 15.
Qb3 Re8 16.a4 c6 17.O-O b5 18.axb5 cxb5 19.Bxb5 Nxb5 20.Rxa8 Nc7 21.Rc1 
Nxa8 22.Rxc8 Rxc8 23.Qxe6+ Kf8 24.Qxc8+ Kf7 25.Qxf5+ Ke7 26.d5 Nb6 27.
Qxe4+ Kd7 28.Qe6+ Kc7 29.d6+ Kb8 30.Nc4 Na8 31.d7 Ka7 32.d8=Q h6 33.b5 h5 
34.b6+ Ka6 35.Qxa8+ Kb5 36.Qd5+ Kb4 37.Qa3# 1-0

[Event "N4 Cahors-Moissac/Castel"]
[Site "?"]
[Date "2004.12.05"]
[Round "3"]
[White "Sangoi, Jean-Jacques"]
[Black "Daval, Christophe"]
[Result "1/2-1/2"]
[WhiteElo "1840"]
[BlackElo "1690"]
[EventDate "2004.12.06"]
[PlyCount "83"]

1.d4 Nf6 2.c4 e5 3.d5 d6 4.Nc3 Be7 5.e4 Nbd7 6.Nge2 Nc5 7.Ng3 h5 8.f3 h4 
9.Nge2 h3 10.g3 Nh7 11.Be3 Ng5 12.Ng1 f6 13.Bxg5 fxg5 14.g4 Bf8 15.Nxh3 
Qf6 16.Bg2 Rh4 17.Nf2 Qf4 18.Ne2 Qf6 19.h3 Bd7 20.Qd2 O-O-O 21.Qa5 Kb8 22.
b4 b6 23.Qa3 Nb7 24.b5 Nc5 25.Qc3 Be7 26.a4 Kb7 27.Nd3 Ra8 28.a5 Rhh8 29.
O-O Rhf8 30.axb6 axb6 31.Nb4 Rfb8 32.Rxa8 Rxa8 33.Ra1 Qf8 34.Nc6 Bf6 35.
Kf2 Rxa1 36.Qxa1 Qa8 37.Qxa8+ Kxa8 38.Ke3 Bxc6 39.bxc6 Ka7 40.Ng3 g6 41.
Nf1 Ka6 42.Nd2 1/2-1/2

[Event "N4 Cahors-Moissac/Castel"]
[Site "?"]
[Date "2004.12.05"]
[Round "3"]
[White "Salvignac, Remi"]
[Black "Riviere, Frederic"]
[Result "0-1"]
[WhiteElo "1690"]
[BlackElo "1870"]
[EventDate "2004.12.06"]
[PlyCount "60"]

1.d4 d5 2.Nf3 Bf5 3.e3 e6 4.c4 dxc4 5.Bxc4 Nd7 6.Nbd2 Ngf6 7.O-O Bd6 8.Re1
Ne4 9.Nf1 O-O 10.a3 c5 11.Bd2 cxd4 12.exd4 Nb6 13.Be2 Rc8 14.Rc1 Qf6 15.
Ng3 Nxg3 16.fxg3 Nd5 17.Bc4 Bg4 18.Bg5 Bxf3 19.Bxf6 Bxd1 20.Rexd1 Nxf6 21.
Bd3 Nd5 22.Kf2 g5 23.h4 h6 24.Rh1 Nf6 25.hxg5 hxg5 26.Rcf1 Kg7 27.Ke2 Bxg3
28.Rf3 Bd6 29.Rhf1 Nd5 30.Rh3 Nf4+ 0-1

[Event "N4 Cahors-Moissac/Castel"]
[Site "?"]
[Date "2004.12.05"]
[Round "3"]
[White "Rouqual, Guy"]
[Black "Tillol, Jean-Claude"]
[Result "0-1"]
[WhiteElo "1530"]
[BlackElo "1550"]
[EventDate "2004.12.06"]
[PlyCount "94"]

1.d4 d5 2.Nf3 Bf5 3.e3 Nf6 4.Bd3 Ne4 5.Nbd2 e6 6.O-O Nd7 7.c4 c6 8.Qc2 Bd6
9.c5 Bc7 10.Nxe4 dxe4 11.Bxe4 Bg6 12.h3 f5 13.Bd3 Bh5 14.Qe2 O-O 15.e4 f4 
16.e5 Rf7 17.Be4 Nf8 18.Rd1 g5 19.Qd3 g4 20.Nh2 gxh3 21.Bf3 Bxf3 22.Qxf3 
hxg2 23.Kxg2 Rg7+ 24.Kh1 Ng6 25.Bxf4 Rf7 26.Rg1 Qxd4 27.Be3 Qxe5 28.Qh3 
Rf5 29.Ng4 Qd5+ 30.Rg2 Kh8 31.Nh2 Rh5 32.Qg4 Rxh2+ 33.Kg1 Rxg2+ 34.Qxg2 
Qxg2+ 35.Kxg2 Rg8 36.Rd1 Be5 37.Kf1 Ne7 38.Rd7 Nd5 39.Rxb7 Nxe3+ 40.fxe3 
h5 41.Rxa7 h4 42.Ra4 Bf6 43.Rf4 Rg6 44.Rf2 Be5 45.b4 h3 46.Rf3 h2 47.Rh3+ 
Kg7 0-1

[Event "N4 Cahors-Moissac/Castel"]
[Site "?"]
[Date "2004.12.05"]
[Round "3"]
[White "Nivat, Alain"]
[Black "Lacroix, Romain"]
[Result "0-1"]
[WhiteElo "1893"]
[BlackElo "2065"]
[EventDate "2004.12.06"]
[PlyCount "104"]

1.e4 e5 2.Nf3 Nf6 3.Bc4 Nxe4 4.Nc3 Nxc3 5.dxc3 c6 6.Nxe5 d5 7.Bd3 Bd6 8.
Nf3 O-O 9.Bxh7+ Kxh7 10.Ng5+ Kg8 11.Qh5 Bf5 12.Qf3 Re8+ 13.Kf1 Bg6 14.h4 
Qf6 15.Qh3 Qf5 16.g4 Qxc2 17.Be3 c5 18.h5 Be4 19.h6 gxh6 20.Nxe4 Qxe4 21.
Qxh6 Be5 22.Rh5 Bg7 23.Rg5 Qh7 24.Qxh7+ Kxh7 25.Kg2 Re5 26.Rh1+ Kg8 27.
Rxe5 Bxe5 28.Rh5 Nd7 29.f4 d4 30.cxd4 Bxd4 31.Bxd4 cxd4 32.Rd5 Nf6 33.Rxd4
Nxg4 34.Rd7 b5 35.b4 a5 36.bxa5 Rxa5 37.Kf3 Nf6 38.Rb7 Ra3+ 39.Ke2 Rxa2+ 
40.Kd3 Rb2 41.Kc3 Rf2 42.Rxb5 Rxf4 43.Kd3 Re4 44.Rf5 Re6 45.Kd4 Kg7 46.
Rg5+ Kh6 47.Rg1 Nh7 48.Rh1+ Kg6 49.Rg1+ Ng5 50.Kd5 Re2 51.Kd4 f5 52.Kd3 
Re8 0-1

[Event "N4 Cahors-Moissac/Castel"]
[Site "?"]
[Date "2004.12.05"]
[Round "3"]
[White "Haddab, Roland"]
[Black "Nouvel, Denis"]
[Result "1-0"]
[WhiteElo "1640"]
[BlackElo "1530"]
[EventDate "2004.12.06"]
[PlyCount "65"]

1.e4 e5 2.Nf3 Nc6 3.Bc4 Nf6 4.O-O Bc5 5.c3 d6 6.d4 exd4 7.cxd4 Bb6 8.Bg5 
O-O 9.h3 Na5 10.Bd3 Nc6 11.e5 dxe5 12.dxe5 h6 13.Bh4 g5 14.exf6 gxh4 15.
Nc3 Be6 16.Nxh4 Qxf6 17.Qh5 Rad8 18.Rad1 Ne5 19.Ne4 Qg7 20.Nf5 Bxf5 21.
Qxf5 Nxd3 22.Nf6+ Kh8 23.Nd7 Rg8 24.g4 Nxb2 25.Ne5 f6 26.Rxd8 Rxd8 27.Ng6+
Kg8 28.Re1 Bxf2+ 29.Qxf2 Nd3 30.Ne7+ Kf8 31.Qd2 Re8 32.Qxd3 Rxe7 33.Qd8+ 
1-0

[Event "N4 Cahors-Moissac/Castel"]
[Site "?"]
[Date "2004.12.05"]
[Round "3"]
[White "Dirat, Sylvain"]
[Black "Houmeau, Dominique"]
[Result "1/2-1/2"]
[WhiteElo "1760"]
[BlackElo "1570"]
[EventDate "2004.12.06"]
[PlyCount "108"]

1.d4 d5 2.Bg5 Bd7 3.Nc3 c6 4.e3 Qc8 5.Nf3 e6 6.a3 Be7 7.Bxe7 Nxe7 8.Bd3 
Ng8 9.Ne5 Nh6 10.O-O O-O 11.Qh5 f5 12.Ne2 Be8 13.Qh4 Nd7 14.c3 Nxe5 15.
dxe5 Qc7 16.f4 Ng4 17.Rf3 Qb6 18.h3 Nh6 19.Rb1 Qc7 20.Nd4 Qd7 21.b4 a6 22.
Rg3 Bg6 23.Rf3 Rfe8 24.g4 Qe7 25.Qxe7 Rxe7 26.g5 Nf7 27.c4 Nd8 28.c5 h5 
29.h4 Bf7 30.Rff1 g6 31.Rf2 Rc7 32.a4 Be8 33.b5 cxb5 34.axb5 Rxc5 35.bxa6 
Rc3 36.axb7 Rb8 37.Rd2 Ra3 38.Kf2 Bd7 39.Nb5 Bxb5 40.Bxb5 Rxb7 41.Rdb2 
Raa7 42.Be8 Kg7 43.Rxb7+ Rxb7 44.Rxb7+ Nxb7 45.Ke2 Nc5 46.Bb5 Kf7 47.Bd3 
Ke7 48.Kd2 Ne4+ 49.Kc2 Ng3 50.Kc3 Nh1 51.Bb5 Nf2 52.Be2 Nh3 53.Kd4 Ng1 54.
Bd1 Nh3 1/2-1/2

[Event "N4 Cahors-Moissac/Castel"]
[Site "?"]
[Date "2004.12.05"]
[Round "3"]
[White "Delmas, Jean"]
[Black "Vainguer, Guillaume"]
[Result "0-1"]
[WhiteElo "1600"]
[BlackElo "1720"]
[EventDate "2004.12.06"]
[PlyCount "106"]

1.e4 e5 2.Nf3 Nc6 3.Bc4 Bc5 4.O-O d6 5.c3 Qe7 6.d3 Bd7 7.Be3 Bxe3 8.fxe3 
O-O-O 9.Nbd2 Nh6 10.Qe1 g5 11.b4 Ng4 12.a4 f6 13.a5 h5 14.h4 Rdf8 15.b5 
Nb8 16.b6 a6 17.bxc7 Kxc7 18.Bd5 Bc6 19.Bxc6 Nxc6 20.Nc4 Nh6 21.Qb1 Rb8 
22.Nb6 Qd8 23.Nd5+ Kd7 24.Kf2 g4 25.Ng1 f5 26.g3 f4 27.exf4 exf4 28.Nxf4 
Rf8 29.Ke3 Qe8 30.Nd5 Nf5+ 31.Kd2 Nxg3 32.Nf6+ Rxf6 33.Rxf6 Ne5 34.Qe1 
Nc4+ 35.Kc2 Qe5 36.Rf2 Nh1 37.Rf5 Qh2+ 38.Ne2 Ne3+ 39.Kb3 Nxf5 40.exf5 Nf2
41.Nd4 Re8 42.Ne6 Nxd3 43.Qb1 Qd2 44.Qc2 Qxc2+ 45.Kxc2 Nc5 46.Nf4 Re5 47.
Nxh5 Rxf5 48.Ng3 Rf2+ 49.Kb1 Rg2 50.Nf5 g3 51.Ra2 Rg1+ 52.Kb2 Rg2+ 53.Kb1 
Rxa2 0-1

[Event "N4 Cahors-Moissac/Castel"]
[Site "?"]
[Date "2004.12.05"]
[Round "3"]
[White "Catala, Laurent"]
[Black "Thamier, Stephan"]
[Result "0-1"]
[WhiteElo "1880"]
[BlackElo "1850"]
[EventDate "2004.12.06"]
[PlyCount "44"]

1.e4 e5 2.Nf3 Nc6 3.Bc4 Bc5 4.c3 d6 5.d4 exd4 6.Nxd4 Qh4 7.O-O Nf6 8.Nf3 
Qg4 9.Bg5 Nxe4 10.h3 Qf5 11.Bd3 O-O 12.Qc2 Ne5 13.Nxe5 Qxe5 14.Bh4 Re8 15.
Nd2 Qh5 16.Nxe4 Qxh4 17.Rae1 Bd7 18.Qd2 Bb6 19.Bc4 Rxe4 20.Bxf7+ Kxf7 21.
Qd5+ Re6 22.Qxb7 Rxe1 0-1

[Event "R1 Vic-Luchon"]
[Site "Vic"]
[Date "2004.12.05"]
[Round "3.6"]
[White "Charles, Yohann"]
[Black "Labat, Thierry"]
[Result "0-1"]
[WhiteElo "1290"]
[BlackElo "1360"]
[EventDate "2004.??.??"]
[PlyCount "62"]

1.d4 d5 2.Nc3 Nf6 3.Nf3 Bg4 4.Bg5 e6 5.e3 Bb4 6.a3 Bxc3+ 7.bxc3 h6 8.Bh4 
Nbd7 9.Be2 c6 10.O-O Qc7 11.Bxf6 gxf6 12.Nd2 Bf5 13.c4 Rg8 14.Kh1 O-O-O 
15.c5 e5 16.c4 Be6 17.Qa4 Qb8 18.e4 exd4 19.Nb3 dxe4 20.Nxd4 Nxc5 21.Qb4 
Qd6 22.Nxe6 Nxe6 23.Qa5 Kb8 24.Rab1 b6 25.Rfd1 Qc7 26.Rxd8+ Rxd8 27.c5 b5 
28.Bxb5 Qxa5 29.Bxc6+ Kc7 30.Bxe4 Rb8 31.Rxb8 Qe1# 0-1

[Event "R1 Vic-Luchon"]
[Site "Vic"]
[Date "2004.12.05"]
[Round "3.5"]
[White "Moro, Sebastien"]
[Black "Escole, Pierre-Jean"]
[Result "1-0"]
[WhiteElo "1499"]
[BlackElo "1220"]
[EventDate "2004.??.??"]
[PlyCount "95"]

1.e4 e5 2.Nf3 Nc6 3.Bc4 Nf6 4.Nc3 Bc5 5.O-O d6 6.h3 O-O 7.d3 h6 8.Na4 b6 
9.Nxc5 bxc5 10.c3 Bxh3 11.gxh3 Qd7 12.Kh2 Ne7 13.Rg1 Ng6 14.Rxg6 Nh5 15.
Bxh6 Kh7 16.Nh4 fxg6 17.Qg1 Rf6 18.Be3 c6 19.Qg5 Nf4 20.Bxf4 exf4 21.Nf3 
d5 22.Ne5 Qd6 23.Bb3 Re8 24.exd5 cxd5 25.Re1 Rf5 26.Qh4+ Rh5 27.Qxf4 Rhxe5
28.d4 Rf8 29.dxe5 Qd8 30.Qe3 d4 31.cxd4 cxd4 32.Qe2 Qg5 33.Rg1 Qf4+ 34.Kg2
Qg5+ 35.Kf1 Qh4 36.Bc2 Qxh3+ 37.Ke1 Qh6 38.Rxg6 Qc1+ 39.Qd1 Qxb2 40.Rb6+ 
Kg8 41.Rxb2 Re8 42.Qxd4 Re7 43.Qd8+ Kf7 44.Qd5+ Kf8 45.Rb8+ Re8 46.Qd6+ 
Kf7 47.Qg6+ Kg8 48.Rxe8# 1-0